[Event "XI Weekend A"]
[Site "Porto Sant'Elpidio ITA"]
[Date "2008.11.23"]
[Round "2"]
[White "Padovani, Alessio"]
[Black "Giri, Giovanni"]
[Result "1-0"]
[WhiteElo "1957"]
[BlackElo "1836"]
[PlyCount "83"]
[EventDate "2008.11.22"]

1. d4 Nf6 2. Bg5 c5 3. d5 Qb6 4. Bxf6 Qxf6 5. Nc3 g6 6. Nf3 Bg7 7. e4 Qb6 8.
Rb1 d6 9. Be2 O-O 10. O-O Nd7 11. Qd3 a6 12. Nd1 Qd8 13. c4 Rb8 14. a4 Qa5 15.
Qc2 Qb4 16. Ne3 Nf6 17. h3 b5 18. axb5 axb5 19. e5 Nh5 20. exd6 exd6 21. Qe4
bxc4 22. Qe7 Ba6 23. Qxd6 Rb6 24. Qc7 Rc8 25. Qd7 Nf6 26. Qa7 Rcb8 27. Qc7 Ne8
28. Qf4 Nd6 29. Ne5 c3 30. Qxb4 cxb4 31. Bxa6 Bxe5 32. Bd3 cxb2 33. Nd1 Nb5 34.
Nxb2 Nc3 35. Nc4 Bc7 36. Nxb6 Nxb1 37. Nd7 Rd8 38. Rxb1 Rxd7 39. Bc4 Bd6 40.
Ra1 Kg7 41. g4 Rc7 42. Ra6 1-0

[Event "XI Weekend A"]
[Site "Porto Sant'Elpidio ITA"]
[Date "2008.11.23"]
[Round "2"]
[White "Ragnini, Damiano"]
[Black "Perogio, Lorenzo"]
[Result "1-0"]
[WhiteElo "1834"]
[BlackElo "1857"]
[PlyCount "95"]
[EventDate "2008.11.22"]

1. d4 d6 2. c4 Nf6 3. Nc3 g6 4. Nf3 Bg7 5. Bf4 Nc6 6. h3 O-O 7. e3 Nd7 8. Bh2
e5 9. d5 Ne7 10. e4 a5 11. Bd3 f5 12. O-O f4 13. Rc1 h6 14. Na4 b6 15. Nc3 Rf7
16. a3 Bf8 17. b4 axb4 18. axb4 g5 19. Kh1 Ng6 20. Ra1 Rxa1 21. Qxa1 Nf6 22.
Nb5 Bd7 23. Na7 g4 24. Ng1 Rg7 25. Nc6 Bxc6 26. dxc6 Nh4 27. c5 g3 28. fxg3
fxg3 29. Bc4+ Kh8 30. Qc1 Rg6 31. Bxg3 Rxg3 32. Qe1 Nh5 33. Qf2 Rxg2 34. Qxf8+
Qxf8 35. Rxf8+ Kg7 36. Rg8+ Kf6 37. Rxg2 Nxg2 38. cxb6 Ne3 39. bxc7 Nxc4 40.
c8=Q Ne3 41. Qd8+ Kg6 42. Qxd6+ Kg5 43. Qxe5+ Kh4 44. Nf3+ Kxh3 45. Qxh5+ Kg3
46. Ne5 Kf2 47. Qf3+ Ke1 48. Qxe3+ 1-0

[Event "XI Weekend A"]
[Site "Porto Sant'Elpidio ITA"]
[Date "2008.11.23"]
[Round "2"]
[White "Rinaudo, Sergio"]
[Black "Briffault, Philippe"]
[Result "1-0"]
[WhiteElo "2130"]
[BlackElo "1933"]
[PlyCount "117"]
[EventDate "2008.11.22"]

1. d4 Nf6 2. Nf3 g6 3. Nbd2 Bg7 4. e4 d6 5. Bd3 O-O 6. O-O Nbd7 7. c3 e5 8. Re1
c6 9. a4 a5 10. Nc4 Qc7 11. Bg5 Re8 12. Qb3 Nxe4 13. Bxe4 d5 14. Bxd5 cxd5 15.
Ncxe5 Nxe5 16. dxe5 Be6 17. Qb5 d4 18. cxd4 Bc4 19. Rec1 Rac8 20. Qc5 Qxc5 21.
dxc5 Bd5 22. Bd2 Bxf3 23. gxf3 Bxe5 24. Rab1 Bd4 25. Kf1 Rxc5 26. Rxc5 Bxc5 27.
Bxa5 Bd6 28. h3 Rc8 29. Bc3 Rc4 30. Rd1 Bc7 31. Rd7 b6 32. Ke2 Kf8 33. Kd3 Rc6
34. b4 Ke8 35. Rd5 Re6 36. Kc4 Rc6+ 37. Kd3 Ke7 38. Rb5 Kd7 39. Bd4 f5 40. Be3
Rd6+ 41. Bd4 Re6 42. f4 Kc6 43. Be5 Bd8 44. Kc4 Bh4 45. f3 Bf2 46. Rd5 Re7 47.
Rd6+ Kb7 48. Kb5 Bg1 49. Bd4 Bxd4 50. Rxd4 Re6 51. Rd7+ Kb8 52. Rxh7 Rd6 53.
Ka6 Re6 54. Rb7+ Kc8 55. Rxb6 Re3 56. Kb5 Rxf3 57. a5 Rxh3 58. a6 Ra3 59. Rxg6
1-0

[Event "XI Weekend A"]
[Site "Porto Sant'Elpidio ITA"]
[Date "2008.11.23"]
[Round "2"]
[White "Sagripanti, Michele"]
[Black "Marconi, Gabriele"]
[Result "1-0"]
[WhiteElo "1825"]
[BlackElo "1832"]
[PlyCount "43"]
[EventDate "2008.11.22"]

1. e4 e5 2. Nf3 Nc6 3. Bb5 d6 4. d4 exd4 5. O-O Bd7 6. Bxc6 Bxc6 7. Nxd4 Be7 8.
Nc3 Nf6 9. Qd3 Qd7 10. Nf5 O-O-O 11. b4 Nxe4 12. Nxe4 Qxf5 13. Nxd6+ Rxd6 14.
Qxf5+ Kb8 15. b5 Rf6 16. Qe5 Bd6 17. Qxf6 gxf6 18. bxc6 bxc6 19. Bb2 Rg8 20.
Bxf6 Rg6 21. Bh4 Rh6 22. Bg3 1-0

[Event "XI Weekend A"]
[Site "Porto Sant'Elpidio ITA"]
[Date "2008.11.23"]
[Round "2"]
[White "Santarelli, Enrico"]
[Black "Spano' Cuomo, Gaetano"]
[Result "0-1"]
[WhiteElo "1803"]
[BlackElo "1852"]
[PlyCount "56"]
[EventDate "2008.11.22"]

1. d4 e6 2. Nf3 d5 3. Bf4 Nf6 4. e3 b6 5. Bd3 Ba6 6. O-O Bxd3 7. Qxd3 c5 8. c4
Bd6 9. Bg5 Nbd7 10. Nc3 Rc8 11. cxd5 exd5 12. Nxd5 h6 13. Bh4 O-O 14. Rac1 g5
15. Nxf6+ Qxf6 16. Bg3 Bxg3 17. hxg3 Rfd8 18. Rfd1 Kg7 19. b3 h5 20. d5 Rh8 21.
Re1 h4 22. gxh4 g4 23. Ng5 Rxh4 24. g3 Rh5 25. f4 gxf3 26. Ne4 f2+ 27. Nxf2 Qf3
28. g4 Rh2 0-1

[Event "XI Weekend A"]
[Site "Porto Sant'Elpidio ITA"]
[Date "2008.11.23"]
[Round "2"]
[White "Ugolini, Lorenzo"]
[Black "Marozzi, Giovanni"]
[Result "0-1"]
[WhiteElo "1850"]
[BlackElo "2015"]
[PlyCount "90"]
[EventDate "2008.11.22"]

1. d4 d5 2. c4 dxc4 3. Nf3 Bf5 4. e3 e6 5. Bxc4 Nf6 6. Nc3 Be7 7. O-O O-O 8. h3
c5 9. Re1 Ne4 10. Bd3 Nxc3 11. bxc3 Bxd3 12. Qxd3 cxd4 13. cxd4 Nc6 14. Ba3
Bxa3 15. Qxa3 Qa5 16. Qxa5 Nxa5 17. Rab1 b6 18. Rec1 Rac8 19. Ne5 f6 20. Nd3
Rfd8 21. Rxc8 Rxc8 22. Rc1 Rxc1+ 23. Nxc1 Kf7 24. Kf1 Ke7 25. Ke2 Kd6 26. Kd3
e5 27. dxe5+ Kxe5 28. f4+ Kd5 29. e4+ Kc5 30. Nb3+ Nxb3 31. axb3 a5 32. g4 b5
33. h4 a4 34. bxa4 bxa4 35. g5 a3 36. gxf6 gxf6 37. Kc3 h5 38. Kb3 Kd4 39. e5
fxe5 40. fxe5 Kxe5 41. Kxa3 Kf4 42. Kb3 Kg4 43. Kc3 Kxh4 44. Kd2 Kg3 45. Ke1
Kg2 0-1

[Event "XI Weekend A"]
[Site "Porto Sant'Elpidio ITA"]
[Date "2008.11.23"]
[Round "3"]
[White "Briffault, Philippe"]
[Black "Balzano, Aldo"]
[Result "1/2-1/2"]
[WhiteElo "1933"]
[BlackElo "1802"]
[PlyCount "52"]
[EventDate "2008.11.22"]

1. d4 Nf6 2. c4 g6 3. Nc3 Bg7 4. g3 O-O 5. Bg2 d6 6. Nf3 Nbd7 7. O-O e5 8. e4
c6 9. h3 Re8 10. Re1 exd4 11. Nxd4 Qb6 12. Nb3 Ne5 13. Be3 c5 14. Bf1 Be6 15.
Nd5 Bxd5 16. exd5 Ne4 17. Rc1 f5 18. Bg2 Nf7 19. Rc2 Re7 20. Kh2 Rae8 21. Nd2
Nxd2 22. Qxd2 Ng5 23. b3 Ne4 24. Qd3 Qa5 25. Rec1 a6 26. Bf4 Qc7 1/2-1/2

[Event "XI Weekend A"]
[Site "Porto Sant'Elpidio ITA"]
[Date "2008.11.23"]
[Round "3"]
[White "Giobbi, Costantino"]
[Black "Rinaudo, Sergio"]
[Result "1/2-1/2"]
[WhiteElo "1982"]
[BlackElo "2130"]
[PlyCount "62"]
[EventDate "2008.11.22"]

1. d4 d5 2. c4 dxc4 3. Qa4+ c6 4. Qxc4 Nf6 5. Nf3 Bf5 6. Nc3 e6 7. Bg5 Be7 8.
e3 h6 9. Bh4 Nbd7 10. Qb3 Qb6 11. Qxb6 Nxb6 12. Be2 Rd8 13. O-O O-O 14. Ne5 g5
15. Bg3 c5 16. dxc5 Bxc5 17. Rfd1 Bc2 18. Re1 Nfd5 19. Nxd5 Rxd5 20. Rac1 Bb4
21. Bf3 Bxe1 22. Bxd5 Nxd5 23. Rxc2 Ba5 24. a3 Rd8 25. h4 Kg7 26. hxg5 hxg5 27.
Nf3 Kg6 28. Kf1 f5 29. Be5 Bb6 30. Ke2 Nf6 31. Nd4 Bxd4 1/2-1/2

[Event "XI Weekend A"]
[Site "Porto Sant'Elpidio ITA"]
[Date "2008.11.23"]
[Round "3"]
[White "Giri, Giovanni"]
[Black "Mircoli, Filippo"]
[Result "1-0"]
[WhiteElo "1836"]
[BlackElo "1846"]
[PlyCount "59"]
[EventDate "2008.11.22"]

1. e4 c5 2. Nf3 e6 3. d3 Nc6 4. g3 Be7 5. Bg2 e5 6. O-O d6 7. Nbd2 Nf6 8. c3
O-O 9. Nc4 b5 10. Ne3 Bb7 11. Nf5 Re8 12. N3h4 Bf8 13. Ne3 g6 14. Ng4 Nxg4 15.
Qxg4 Bg7 16. Bg5 f6 17. Be3 Rb8 18. Rad1 b4 19. f4 Bc8 20. f5 g5 21. Nf3 bxc3
22. bxc3 Qa5 23. h4 h6 24. Qh5 Rf8 25. hxg5 hxg5 26. Bxg5 fxg5 27. Nxg5 Rd8 28.
Qf7+ Kh8 29. f6 Bh6 30. Qh7# 1-0

[Event "XI Weekend A"]
[Site "Porto Sant'Elpidio ITA"]
[Date "2008.11.23"]
[Round "3"]
[White "Iaconi, Andrea"]
[Black "Sagripanti, Michele"]
[Result "1/2-1/2"]
[WhiteElo "1871"]
[BlackElo "1825"]
[PlyCount "86"]
[EventDate "2008.11.22"]

1. d4 Nf6 2. c4 g6 3. Nc3 d5 4. e3 Bg7 5. Nf3 O-O 6. Qb3 c6 7. Be2 Re8 8. O-O
a5 9. cxd5 Nxd5 10. Nxd5 cxd5 11. Bd2 Nc6 12. Rac1 a4 13. Qc2 e5 14. dxe5 Nxe5
15. Nxe5 Bxe5 16. Bc3 Bb8 17. Qd2 Qd6 18. g3 h5 19. Bf3 Rd8 20. Qd4 f6 21. Rfd1
Kg7 22. Qxd5 Qxd5 23. Rxd5 Rxd5 24. Bxd5 Bd6 25. Bf3 Kf7 26. Rd1 Ra6 27. Kg2
Be7 28. Be2 Ra8 29. Bc4+ Be6 30. Bxe6+ Kxe6 31. Rd4 a3 32. Rd2 b5 33. bxa3 Rxa3
34. Bd4 Ra4 35. Kf3 Rc4 36. h3 Bc5 37. Ke2 Ba3 38. Kd3 f5 39. Rc2 Kd5 40. f3
Ra4 41. g4 hxg4 42. hxg4 Bd6 43. gxf5 gxf5 1/2-1/2

[Event "XI Weekend A"]
[Site "Porto Sant'Elpidio ITA"]
[Date "2008.11.23"]
[Round "3"]
[White "Luciani, Valerio"]
[Black "Ragnini, Damiano"]
[Result "1-0"]
[WhiteElo "2212"]
[BlackElo "1834"]
[PlyCount "31"]
[EventDate "2008.11.22"]

1. d4 d5 2. c4 c6 3. Nc3 Nf6 4. cxd5 Nxd5 5. e4 Nxc3 6. bxc3 g6 7. Nf3 Bg4 8.
Bc4 e6 9. h3 Bxf3 10. Qxf3 Bg7 11. e5 O-O 12. h4 Nd7 13. h5 c5 14. hxg6 fxg6
15. Bxe6+ Kh8 16. Rxh7+ 1-0

[Event "XI Weekend A"]
[Site "Porto Sant'Elpidio ITA"]
[Date "2008.11.23"]
[Round "3"]
[White "Marconi, Gabriele"]
[Black "Ugolini, Lorenzo"]
[Result "1-0"]
[WhiteElo "1832"]
[BlackElo "1850"]
[PlyCount "71"]
[EventDate "2008.11.22"]

1. d4 d5 2. e3 Nf6 3. Bd3 e6 4. b3 c5 5. Nf3 Nc6 6. O-O Bd7 7. Nbd2 cxd4 8.
exd4 Bd6 9. Bb2 Rc8 10. Rc1 Nb4 11. Be2 O-O 12. Ba3 Nxa2 13. Bxd6 Nxc1 14. Bxf8
Nxe2+ 15. Qxe2 Kxf8 16. Rc1 Qe7 17. Ne5 Qa3 18. Qd1 Qb2 19. Ndf3 Ke7 20. Nd3
Qc3 21. Nc5 b6 22. Nxd7 Nxd7 23. Qe2 h6 24. h3 Qb2 25. Qd2 a5 26. Ne1 Nf6 27.
Nd3 Qxd4 28. c3 Qh4 29. Qe3 Nd7 30. Nf4 Kf8 31. Re1 Qf6 32. Rc1 Qe5 33. Qf3 Nf6
34. Qg3 Ne4 35. Ng6+ fxg6 36. Qxe5 1-0

[Event "XI Weekend A"]
[Site "Porto Sant'Elpidio ITA"]
[Date "2008.11.23"]
[Round "3"]
[White "Marozzi, Giovanni"]
[Black "Padovani, Alessio"]
[Result "0-1"]
[WhiteElo "2015"]
[BlackElo "1957"]
[PlyCount "130"]
[EventDate "2008.11.22"]

1. e4 d5 2. exd5 Qxd5 3. d4 e5 4. dxe5 Qxe5+ 5. Qe2 Nc6 6. Bf4 Qxe2+ 7. Nxe2
Bf5 8. c3 O-O-O 9. Nd2 Nf6 10. O-O-O Bc5 11. f3 Rhe8 12. Ng3 Bg6 13. Bc4 Ne5
14. Nb3 Bd6 15. Bxe5 Bxe5 16. Rxd8+ Rxd8 17. Ne2 Nd5 18. Bxd5 Rxd5 19. h3 Bd6
20. Rd1 Rxd1+ 21. Kxd1 f6 22. Nbd4 Bf7 23. a3 a6 24. Nf5 Bf8 25. Kd2 g6 26. Ne3
Kd7 27. Kd3 b6 28. Nf4 Kd6 29. c4 c6 30. Ne2 f5 31. f4 Be7 32. g3 Bf6 33. b3
Be6 34. h4 h6 35. Nd4 Bd7 36. Ndc2 a5 37. a4 Be8 38. Nd1 Bd7 39. Nf2 Be6 40.
Ke3 b5 41. axb5 cxb5 42. Na3 bxc4 43. bxc4 Bd7 44. Nd3 Be6 45. Kd2 Bd7 46. Ke3
Bc6 47. Nf2 a4 48. Nd3 Bd7 49. Nf2 Bb2 50. Nc2 Be6 51. Nd3 a3 52. Nxb2 axb2 53.
Na3 Kc5 54. Kd3 Bxc4+ 55. Kc3 Bg8 56. Nb1 Kd5 57. Kd3 Kc5 58. Kc2 Ba2 59. Kxb2
Bxb1 60. Kxb1 Kd4 61. Kc2 Ke3 62. g4 fxg4 63. h5 g3 64. hxg6 g2 65. f5 g1=Q 0-1

[Event "XI Weekend A"]
[Site "Porto Sant'Elpidio ITA"]
[Date "2008.11.23"]
[Round "3"]
[White "Perogio, Lorenzo"]
[Black "Santarelli, Enrico"]
[Result "0-1"]
[WhiteElo "1857"]
[BlackElo "1803"]
[PlyCount "120"]
[EventDate "2008.11.22"]

1. e4 e5 2. d4 exd4 3. Qxd4 Nc6 4. Qe3 Nf6 5. Nc3 Bb4 6. Bd2 O-O 7. Bc4 Re8 8.
O-O-O Bxc3 9. Bxc3 Nxe4 10. Qf4 Re7 11. Bxf7+ Rxf7 12. Qxe4 Qg5+ 13. Kb1 Qf5
14. Qh4 d6 15. Nf3 Qg4 16. Rhe1 Qxh4 17. Re8+ Rf8 18. Rxf8+ Kxf8 19. Nxh4 Bd7
20. Re1 Re8 21. Rxe8+ Bxe8 22. Kc1 g6 23. Kd2 Bd7 24. h3 Nd8 25. f4 Nf7 26. Bf6
Nh6 27. Nf3 Kf7 28. Bd8 c6 29. Ng5+ Kg7 30. Ne4 Nf7 31. Be7 d5 32. Nc5 Bc8 33.
Ke3 Nh6 34. g4 Kf7 35. Bh4 Ke8 36. Kd4 Nf7 37. Nd3 h5 38. Nf2 Kd7 39. Bg3 b6
40. Nd3 hxg4 41. hxg4 Ke6 42. b4 Kf6 43. Bh4+ Ke6 44. a4 Ba6 45. f5+ gxf5 46.
g5 Bxd3 47. cxd3 Ne5 48. Bg3 Nf3+ 49. Ke3 Nxg5 50. Bb8 a6 51. Bc7 b5 52. a5 Kd7
53. Bf4 Ne6 54. Be5 c5 55. bxc5 Nxc5 56. Bc3 Ne6 57. Be5 Kc6 58. Bc3 d4+ 59.
Bxd4 Nxd4 60. Kxd4 Kd6 0-1

[Event "XI Weekend A"]
[Site "Porto Sant'Elpidio ITA"]
[Date "2008.11.23"]
[Round "3"]
[White "Rinaudo, Andrea"]
[Black "Fratini, Mauro"]
[Result "1/2-1/2"]
[WhiteElo "2118"]
[BlackElo "1940"]
[PlyCount "84"]
[EventDate "2008.11.22"]

1. e4 Nf6 2. e5 Nd5 3. d4 d6 4. Nf3 dxe5 5. dxe5 Nc6 6. Bb5 Bf5 7. a3 a6 8.
Bxc6+ bxc6 9. O-O c5 10. Qe2 e6 11. Rd1 Qb8 12. c4 Ne7 13. Nc3 Bg4 14. h3 Bh5
15. Bg5 h6 16. Be3 Nc6 17. g4 Bg6 18. Rd2 Be7 19. Na4 Na5 20. Rad1 Nb3 21. Rd7
Qc8 22. Rxe7+ Kxe7 23. Nxc5 Nxc5 24. Bxc5+ Ke8 25. Qe3 Qb7 26. Qd4 Qc6 27. b4
Bc2 28. Rd2 Ba4 29. Ne1 Rc8 30. Ng2 Qa8 31. b5 Rd8 32. Qxd8+ Qxd8 33. Rxd8+
Kxd8 34. bxa6 Kd7 35. a7 Kc6 36. Bd4 Rd8 37. Ne3 Kb7 38. Bc5 g6 39. Kg2 Bc6+
40. Kg3 Rd3 41. Kf4 Rd2 42. Kg3 Rd3 1/2-1/2

[Event "XI Weekend A"]
[Site "Porto Sant'Elpidio ITA"]
[Date "2008.11.23"]
[Round "3"]
[White "Spano' Cuomo, Gaetano"]
[Black "Binci, Filippo"]
[Result "1-0"]
[WhiteElo "1852"]
[BlackElo "1861"]
[PlyCount "55"]
[EventDate "2008.11.22"]

1. d4 Nf6 2. c4 g6 3. Nc3 Bg7 4. e4 d6 5. f4 O-O 6. Nf3 c5 7. d5 Nbd7 8. Bd3 a6
9. O-O Qc7 10. Bd2 Re8 11. Qc2 Nf8 12. Rae1 Bd7 13. e5 dxe5 14. fxe5 Ng4 15.
Bf4 Qc8 16. Qd2 Nxh2 17. Bxh2 e6 18. d6 Rd8 19. Ne4 b5 20. Nf6+ Kh8 21. Ng5 Be8
22. Nxe8 Rxe8 23. Rxf7 b4 24. Ref1 Nd7 25. Qf4 Rf8 26. Nxe6 Rxf7 27. Qxf7 Bh6
28. Bf4 1-0

[Event "XI Weekend A"]
[Site "Porto Sant'Elpidio ITA"]
[Date "2008.11.29"]
[Round "4"]
[White "Fratini, Mauro"]
[Black "Giobbi, Costantino"]
[Result "0-1"]
[WhiteElo "1940"]
[BlackElo "1982"]
[PlyCount "68"]
[EventDate "2008.11.22"]

1. d4 d6 2. Bf4 Nf6 3. e3 g6 4. h3 Bg7 5. Nf3 O-O 6. Be2 c5 7. c3 Qa5 8. Nbd2
Nc6 9. Nc4 Qd8 10. a4 b6 11. O-O Bb7 12. Qb3 Rb8 13. Rfe1 Nd7 14. Rad1 Na5 15.
Qa2 Qc7 16. Na3 a6 17. b4 Bxf3 18. gxf3 Nb7 19. Bxa6 Qc6 20. d5 Qc8 21. Rc1 Ne5
22. Bxe5 Bxe5 23. Bf1 Qf5 24. Nc4 cxb4 25. cxb4 Nd8 26. Nxe5 dxe5 27. Bg2 Nb7
28. Rc7 Qg5 29. Rec1 Nd6 30. e4 f5 31. Qb3 fxe4 32. fxe4 Rf4 33. Qg3 Qf6 34. f3
h5 0-1

[Event "XI Weekend A"]
[Site "Porto Sant'Elpidio ITA"]
[Date "2008.11.29"]
[Round "4"]
[White "Iaconi, Andrea"]
[Black "Giri, Giovanni"]
[Result "0-1"]
[WhiteElo "1871"]
[BlackElo "1836"]
[PlyCount "62"]
[EventDate "2008.11.22"]

1. e4 e6 2. d4 d5 3. Nd2 Nf6 4. e5 Nfd7 5. Ngf3 c5 6. c3 Nc6 7. Nb3 a5 8. Be3
Qb6 9. Rb1 a4 10. Nxc5 Nxc5 11. dxc5 Bxc5 12. Bxc5 Qxc5 13. Be2 Bd7 14. O-O O-O
15. Re1 f6 16. exf6 Rxf6 17. Rf1 e5 18. Qd2 Bf5 19. Rbd1 Rd8 20. Qg5 Rdf8 21.
Qe3 Qd6 22. Qb6 e4 23. Nd4 Rh6 24. g3 Bh3 25. Nb5 Qd7 26. Rfe1 Ne5 27. Qd4 Qf5
28. Qxd5+ Kh8 29. f4 exf3 30. Rf1 Bg2 31. Rxf3 Bxf3 0-1

[Event "XI Weekend A"]
[Site "Porto Sant'Elpidio ITA"]
[Date "2008.11.29"]
[Round "4"]
[White "Marozzi, Giovanni"]
[Black "Balzano, Aldo"]
[Result "0-1"]
[WhiteElo "2015"]
[BlackElo "1802"]
[PlyCount "50"]
[EventDate "2008.11.22"]

1. e4 c5 2. Nf3 d6 3. c3 Nf6 4. e5 dxe5 5. Nxe5 e6 6. d4 Qc7 7. Na3 a6 8. Bf4
Qd8 9. Qa4+ Nbd7 10. Be2 Be7 11. Nb5 Nd5 12. Bg3 N5b6 13. Qd1 axb5 14. Bxb5 O-O
15. Nf3 Nf6 16. Bd3 cxd4 17. Nxd4 Bc5 18. Nf3 Bd7 19. O-O Bc6 20. b4 Be7 21.
Ne5 Qd5 22. f3 Bb5 23. Bxb5 Qxb5 24. a4 Nxa4 25. c4 Qxb4 0-1

[Event "XI Weekend A"]
[Site "Porto Sant'Elpidio ITA"]
[Date "2008.11.29"]
[Round "4"]
[White "Mircoli, Filippo"]
[Black "Perogio, Lorenzo"]
[Result "1/2-1/2"]
[WhiteElo "1846"]
[BlackElo "1857"]
[PlyCount "121"]
[EventDate "2008.11.22"]

1. e4 e5 2. Nf3 Nc6 3. Bb5 Nf6 4. O-O Nxe4 5. Re1 Nd6 6. Bxc6 dxc6 7. Nxe5 Be7
8. d4 O-O 9. c4 Bf6 10. b3 Nf5 11. Bb2 Re8 12. Na3 a6 13. Nc2 Be6 14. Rb1 Qb8
15. f4 Qa7 16. Kh1 Rad8 17. g4 Ne7 18. f5 Bc8 19. Qf3 c5 20. d5 c6 21. g5 Bxe5
22. Bxe5 Nxf5 23. d6 Be6 24. Rbd1 Qa8 25. Ne3 Nxe3 26. Rxe3 Qc8 27. Rf1 b5 28.
Qh5 Qd7 29. Ref3 bxc4 30. bxc4 Bg4 31. Qxf7+ Qxf7 32. Rxf7 Rxe5 33. Ra7 Rf5 34.
Re1 Rxg5 35. h4 Bf3+ 36. Kh2 Rg2+ 37. Kh3 Re2 38. Rg1 g6 39. Rb1 Be4 40. Rbb7
g5 41. Rg7+ Kh8 42. Rxg5 Rd2 43. Re5 Bb1 44. Rxc5 R2xd6 45. Rxa6 Rd3+ 46. Kg4
Rg8+ 47. Kf4 Rf8+ 48. Kg4 Rd4+ 49. Kg5 Rg8+ 50. Kf6 Rxh4 51. Rcxc6 Rh6+ 52. Kf7
Rxc6 53. Rxc6 Bxa2 54. Ke7 Rg7+ 55. Kf8 h5 56. c5 h4 57. Ra6 Bd5 58. c6 h3 59.
Ra3 Bg2 60. Ra4 Rh7 61. Rg4 1/2-1/2

[Event "XI Weekend A"]
[Site "Porto Sant'Elpidio ITA"]
[Date "2008.11.29"]
[Round "4"]
[White "Ragnini, Damiano"]
[Black "Binci, Filippo"]
[Result "1/2-1/2"]
[WhiteElo "1834"]
[BlackElo "1861"]
[PlyCount "109"]
[EventDate "2008.11.22"]

1. e4 d6 2. d4 Nf6 3. Nc3 c6 4. Nf3 Bg4 5. Be2 Nbd7 6. O-O e5 7. Bg5 Bxf3 8.
Bxf3 h6 9. Bh4 Qb6 10. dxe5 dxe5 11. b3 Be7 12. Qe2 Rd8 13. Rfd1 Nf8 14. Na4
Qc7 15. Bxf6 Bxf6 16. Bg4 Nd7 17. Rd3 b5 18. Bxd7+ Rxd7 19. Nc5 Rxd3 20. Qxd3
Ke7 21. Qf3 Rd8 22. Rd1 Rd6 23. h3 Qd8 24. Rxd6 Qxd6 25. Nd3 a5 26. Qe3 Qd4 27.
Qxd4 exd4 28. e5 Bg5 29. f4 Bh4 30. Kh2 Ke8 31. g4 Be7 32. Kg3 Kd7 33. Kf3 c5
34. Ke4 Kc6 35. f5 Bg5 36. e6 fxe6 37. fxe6 Kd6 38. Kf5 c4 39. bxc4 bxc4 40.
Nf2 g6+ 41. Kxg6 Kxe6 42. a4 Ke5 43. Kh5 Be3 44. Nd1 Ke4 45. Nb2 d3 46. cxd3+
cxd3 47. h4 d2 48. g5 hxg5 49. hxg5 Bxg5 50. Kxg5 Kd4 51. Kf4 Kc3 52. Ke3 Kxb2
53. Kxd2 Kb3 54. Kc1 Kxa4 55. Kb2 1/2-1/2

[Event "XI Weekend A"]
[Site "Porto Sant'Elpidio ITA"]
[Date "2008.11.29"]
[Round "4"]
[White "Rinaudo, Sergio"]
[Black "Rinaudo, Andrea"]
[Result "1-0"]
[WhiteElo "2130"]
[BlackElo "2118"]
[PlyCount "69"]
[EventDate "2008.11.22"]

1. d4 d5 2. c4 c6 3. Nc3 Nf6 4. Nf3 e6 5. e3 Bd6 6. Bd3 dxc4 7. Bxc4 Nbd7 8. e4
e5 9. dxe5 Nxe5 10. Nxe5 Bxe5 11. Qxd8+ Kxd8 12. Bg5 Be6 13. Bxe6 fxe6 14.
O-O-O+ Kc7 15. f3 Rad8 16. Ne2 h6 17. Be3 g5 18. Rxd8 Rxd8 19. h4 Rg8 20. hxg5
hxg5 21. Rh6 Kd7 22. Bxa7 c5 23. b4 cxb4 24. Bd4 Kd6 25. Kb2 Bxd4+ 26. Nxd4 Ke5
27. Nc2 Rf8 28. Nxb4 g4 29. Nd3+ Kd4 30. Nf4 Rf7 31. Nxe6+ Ke5 32. Nc5 gxf3 33.
gxf3 Ne8 34. Re6+ Kd4 35. Nb3+ 1-0

[Event "XI Weekend A"]
[Site "Porto Sant'Elpidio ITA"]
[Date "2008.11.29"]
[Round "4"]
[White "Sagripanti, Michele"]
[Black "Briffault, Philippe"]
[Result "0-1"]
[WhiteElo "1825"]
[BlackElo "1933"]
[PlyCount "66"]
[EventDate "2008.11.22"]

1. e4 Nf6 2. e5 Nd5 3. d4 d6 4. Nf3 Bg4 5. Be2 e6 6. c4 Nb6 7. exd6 cxd6 8. Nc3
Be7 9. d5 e5 10. Ne4 O-O 11. h4 h6 12. h5 N8d7 13. Be3 Rc8 14. b3 f5 15. Ng3
Nf6 16. Nh4 Bxe2 17. Qxe2 f4 18. Bxb6 Qxb6 19. Ngf5 Rf7 20. Rh3 Nh7 21. Qg4 Bg5
22. Nxh6+ Bxh6 23. Qxc8+ Nf8 24. Nf5 Bg5 25. h6 g6 26. h7+ Kh8 27. Nh6 Bxh6 28.
Rxh6 Qd4 29. Rd1 Qe4+ 30. Kf1 f3 31. gxf3 Qxf3 32. Rd2 Qf4 33. Qe8 Rf5 0-1

[Event "XI Weekend A"]
[Site "Porto Sant'Elpidio ITA"]
[Date "2008.11.29"]
[Round "4"]
[White "Santarelli, Enrico"]
[Black "Marconi, Gabriele"]
[Result "1/2-1/2"]
[WhiteElo "1803"]
[BlackElo "1832"]
[PlyCount "111"]
[EventDate "2008.11.22"]

1. d4 d5 2. c4 e6 3. cxd5 exd5 4. Nc3 Nf6 5. Bg5 c6 6. Qc2 g6 7. e3 Bf5 8. Bd3
Bxd3 9. Qxd3 Bg7 10. Nf3 O-O 11. O-O Nbd7 12. Rac1 Qc7 13. Bf4 Qd8 14. h3 Re8
15. Rfe1 Ne4 16. Nd2 f5 17. f3 Nxd2 18. Qxd2 Qh4 19. e4 Bxd4+ 20. Kh2 fxe4 21.
fxe4 Bxc3 22. bxc3 Rxe4 23. Rxe4 dxe4 24. Bg5 e3 25. Qxe3 Qc4 26. Qe7 Qf7 27.
Rd1 Qxe7 28. Bxe7 Nb6 29. Bf6 Nd5 30. Bd4 Re8 31. Bxa7 Ra8 32. c4 Nc3 33. Rd3
Rxa7 34. Rxc3 Rxa2 35. Rb3 Rc2 36. Kg3 Rxc4 37. Rxb7 c5 38. Rc7 h5 39. Kf3 Rc1
40. h4 c4 41. g4 c3 42. gxh5 gxh5 43. Ke2 c2 44. Kd2 Rh1 45. Rc4 c1=Q+ 46. Rxc1
Rxh4 47. Rg1+ Kf7 48. Ke3 Kf6 49. Kf3 Kf5 50. Rg8 Rf4+ 51. Kg3 Rg4+ 52. Rxg4
hxg4 53. Kg2 Kf4 54. Kf2 g3+ 55. Kg2 Kg4 56. Kg1 1/2-1/2

[Event "XI Weekend A"]
[Site "Porto Sant'Elpidio ITA"]
[Date "2008.11.29"]
[Round "4"]
[White "Spano' Cuomo, Gaetano"]
[Black "Luciani, Valerio"]
[Result "1/2-1/2"]
[WhiteElo "1852"]
[BlackElo "2212"]
[PlyCount "92"]
[EventDate "2008.11.22"]

1. e4 d6 2. d4 Nf6 3. Bd3 e5 4. d5 Be7 5. c4 O-O 6. Nc3 Na6 7. Nge2 Ne8 8. O-O
Bg5 9. Ng3 g6 10. a3 h5 11. b4 Ng7 12. c5 Nb8 13. cxd6 cxd6 14. Nb5 Ne8 15.
Bxg5 Qxg5 16. Qc1 Qd8 17. Qh6 a6 18. Nc3 Nd7 19. Rfe1 Ndf6 20. Rac1 Ng4 21. Qd2
h4 22. Nf1 Kg7 23. f3 Ngf6 24. g4 hxg3 25. hxg3 Rh8 26. Re2 Nh5 27. Rh2 Nef6
28. Qf2 Bd7 29. Ne2 g5 30. Ne3 Rc8 31. Rxc8 Qxc8 32. g4 Nf4 33. Nxf4 Rxh2 34.
Kxh2 gxf4 35. Nc4 Bb5 36. Qh4 Bxc4 37. Qg5+ Kh7 38. Bxc4 Ng8 39. Qf5+ Qxf5 40.
gxf5 Kh6 41. a4 Ne7 42. a5 Kg5 43. b5 axb5 44. Bxb5 Kf6 45. Bd7 Kg5 46. Kg2 f6
1/2-1/2

[Event "XI Weekend A"]
[Site "Porto Sant'Elpidio ITA"]
[Date "2008.11.30"]
[Round "5"]
[White "Balzano, Aldo"]
[Black "Padovani, Alessio"]
[Result "1-0"]
[WhiteElo "1802"]
[BlackElo "1957"]
[PlyCount "67"]
[EventDate "2008.11.22"]

1. d4 d5 2. c4 Nf6 3. cxd5 Qxd5 4. Nc3 Qa5 5. Qc2 c6 6. e4 Bg4 7. Bd3 Nbd7 8.
f3 Bh5 9. Nge2 e5 10. Be3 exd4 11. Nxd4 Bb4 12. Rc1 Bg6 13. O-O Bxc3 14. Qxc3
Qxc3 15. Rxc3 O-O 16. Bg5 h6 17. Bh4 Rfe8 18. Rd1 Kf8 19. Bf1 Nb6 20. Nb3 Na4
21. Rc2 Red8 22. Rcd2 Rxd2 23. Rxd2 Ke8 24. Na5 Nd7 25. Nxb7 f6 26. b3 Nac5 27.
Nxc5 Nxc5 28. Rc2 Ne6 29. Rxc6 Ke7 30. Bc4 Bf7 31. Be1 Kd7 32. Bd5 Nc7 33.
Rxc7+ Kxc7 34. Bxa8 1-0

[Event "XI Weekend A"]
[Site "Porto Sant'Elpidio ITA"]
[Date "2008.11.30"]
[Round "5"]
[White "Binci, Filippo"]
[Black "Mircoli, Filippo"]
[Result "1/2-1/2"]
[WhiteElo "1861"]
[BlackElo "1846"]
[PlyCount "114"]
[EventDate "2008.11.22"]

1. c4 c5 2. g3 e6 3. Bg2 Nf6 4. Nc3 Nc6 5. e4 d6 6. Nge2 Be7 7. O-O O-O 8. d3
Bd7 9. h3 a6 10. Be3 Rb8 11. d4 cxd4 12. Nxd4 Nxd4 13. Bxd4 e5 14. Be3 Qc8 15.
Kh2 Qxc4 16. f4 exf4 17. Bxf4 Qe6 18. Qe2 Bc6 19. Rfd1 Rfd8 20. Rd2 Rbc8 21.
Rad1 h6 22. g4 Rd7 23. e5 dxe5 24. Bxc6 Rxd2 25. Rxd2 Qxc6 26. Bxe5 Re8 27. Qd1
Ne4 28. Nxe4 Qxe4 29. Re2 Qc6 30. Bg3 Bf6 31. Rxe8+ Qxe8 32. Qc2 Qb5 33. b3 Qf1
34. Qc8+ Kh7 35. Qxb7 Ba1 36. Qe4+ g6 37. h4 Qf6 38. Qe2 Qb2 39. Qxb2 Bxb2 40.
Kg2 Kg7 41. Kf3 Kf6 42. Ke4 Ke6 43. g5 hxg5 44. hxg5 Ba3 45. Bf4 Kd7 46. Kd5
Bb4 47. a4 Ba3 48. Bd2 Kc7 49. Ke5 Bb2+ 50. Kd5 Ba3 51. b4 Bb2 52. Be3 Bc3 53.
b5 axb5 54. axb5 Ba5 55. Ke5 Bc3+ 56. Bd4 Bd2 57. Kf6 Kb7 1/2-1/2